Elektrické a optické káble. Skúšobné metódy pre nekovové materiály : Časť 201: Všeobecné skúšky. Meranie hrúbky izolácií. STN EN 60811-201
Guardado en:
| Formato: | Libro |
|---|---|
| Lenguaje: | eslovaco |
| Publicado: |
Bratislava :
Slovenský ústav technickej normalizácie,
2013
|
| Etiquetas: |
Sin Etiquetas, Sea el primero en etiquetar este registro!
|
MARC
| LEADER | 00000nam a22000003a 4500 | ||
|---|---|---|---|
| 001 | 0072734 | ||
| 003 | SK-STU | ||
| 005 | 20190415133815.8 | ||
| 007 | ta | ||
| 008 | 190415s ----xo-----e------000-0-----d | ||
| 040 | |a STU |b slo | ||
| 041 | 0 | |a slo | |
| 044 | |a xo | ||
| 245 | 1 | 0 | |a Elektrické a optické káble. Skúšobné metódy pre nekovové materiály : |b Časť 201: Všeobecné skúšky. Meranie hrúbky izolácií. STN EN 60811-201 |
| 260 | |a Bratislava : |b Slovenský ústav technickej normalizácie, |c 2013 | ||
| 300 | |a 12 s. | ||
| 996 | |b 284EO00485 |c E*O-485 |l EE32 |s P |a 0 |w 0072734_0001 | ||